Quiz dos estados brasileiros - Mato Grosso - Statistics

Estatísticas Gerais
  • Esse quiz foi jogado 120 vezes
  • A pontuação média é 14 de 22
Estatísticas das Respostas
Dica Resposta % Correto
Capital Cuiabá
99%
3 cidades mais populosas Cuiabá
99%
No estado podem ser encontrados esses 3 biomas Cerrado
94%
O estado é líder nacional na produção desse tipo de carne bovina
90%
O estado é líder nacional na produção desses produtos agrícolas soja
89%
Metal precioso que gerou uma onda migratória para o estado ouro
85%
No estado podem ser encontrados esses 3 biomas Pantanal
84%
No estado podem ser encontrados esses 3 biomas Amazônia
79%
A capital está localizada no ______ geográfico da América do Sul centro
79%
O estado é líder nacional na produção desses produtos agrícolas milho
74%
Marechal do exército e explorador da Amazonia Cândido Rondon
72%
Chapada próxima à capital Chapada dos Guimarães
72%
Irmãs gêmeas que formam dupla sertaneja Maiara e Maraísa
68%
3 cidades mais populosas Várzea Grande
63%
3 cidades mais populosas Rondonópolis
61%
Parque indígena nos arredores do rio de mesmo nome Xingu
51%
Cantora e compositora das músicas "Não me deixe só" e "Ai, Ai, Ai" Vanessa da Mata
47%
O estado é líder nacional na produção desses produtos agrícolas algodão
46%
Principal afluente do rio Paraná com nascente no estado Paraguai
34%
Único presidente natural do estado Eurico Gaspar Dutra
23%
Irmãos paulistas responsáveis pela implementação do parque citado Villas-Bôas
21%
Instrumento musical de cordas feito de um tronco de madeira inteiriço viola de cocho
15%
Nenhum quiz correspondente encontrado
Distribuição das Pontuações
Porcentagem de Pessoas com Cada Pontuação
Percentil de Números Respondidos
Sua Pontuação Histórica
Você não jogou esse quiz